6.1 Anglais Revisions #1 - Statistiques

Statistiques générales
  • Ce quiz a été pris 244 fois
  • Le résultat moyen est 33 sur 48
Statistiques - réponses
Anglais Français % Correct
arm bras
99%
foot pied
97%
finger doigt
95%
eye yeux
95%
brain cerveau
94%
nose nez
94%
ear oreille
94%
heart coeur
93%
hand main
93%
mouth bouche
91%
shoulder epaule
90%
knee genou
90%
head tete
90%
back dos
89%
stomach estomac
89%
eyebrow sourcil
86%
forearm avantbras
80%
elbow coude
80%
ankle cheville
77%
forehead front
77%
toe orteil
77%
big toe gros orteil
76%
throat gorge
73%
chest poitrine
72%
cheek joue
68%
neck nuque
66%
wrist poignet
66%
hip hanche
65%
thumb pouce
65%
lung poumon
65%
bottom fesses
60%
chin menton
60%
liver foie
59%
jaw machoire
58%
skull crane
57%
palm paume
56%
thigh cuisse
53%
breast sein
53%
waist taille
51%
kidney reins
45%
armpit aisselle
43%
calf mollet
41%
bowels intestins
27%
navel nombril
27%
patella rotule
27%
shin tibia
27%
knuckles phalanges
24%
groin aine
15%
Aucun quiz correspondant
Distribution des résultats
% des personnes avec chaque résultat
Percentile par nombre de réponses
Votre historique - résultats
Vous n’avez pas pris ce quiz